Вторая Международная деловая конференция "Российский рынок драгоценных металлов и драгоценных камней: состояние и перспективы". РДМК-99 (Запись № 562484)

Подробности
000 -МАРКЕР
контрольное поле 02581nam0a2200397 4500
001 - ИДЕНТИФИКАТОР ЗАПИСИ
контрольное поле RU\NLR\bibl\101935
005 - ИДЕНТИФИКАТОР ВЕРСИИ
контрольное поле 20260407060213.0
010 ## - МЕЖДУНАРОДНЫЙ СТАНДАРТНЫЙ НОМЕР КНИГИ (ISBN)
Номер (ISBN) 5-93613-002-9
Тираж 500
021 ## - НОМЕР ГОСУДАРСТВЕННОЙ РЕГИСТРАЦИИ
Код страны Российская Федерация
Номер 2000-12551
Номер Листа государственной регистраци 616
035 ## - ДРУГИЕ СИСТЕМНЫЕ НОМЕРА
Идентификатор записи (NLR Aleph) 000099699
100 ## - ДАННЫЕ ОБЩЕЙ ОБРАБОТКИ
Данные общей обработки 20000804d1999 |||y0rusy50 ca
101 0# - ЯЗЫК РЕСУРСА
Язык текста, звукозаписи и т.д. русский
102 ## - СТРАНА ПУБЛИКАЦИИ ИЛИ ПРОИЗВОДСТВА
Страна публикации Российская Федерация
105 ## - ПОЛЕ КОДИРОВАННЫХ ДАННЫХ: ТЕКСТОВЫЕ МАТЕРИАЛЫ, МОНОГРАФИЧЕСКИЕ
Кодированные данные о монографическом текстовом документе a |||||||||
200 1# - ЗАГЛАВИЕ И СВЕДЕНИЯ ОБ ОТВЕТСТВЕННОСТИ
Основное заглавие Вторая Международная деловая конференция "Российский рынок драгоценных металлов и драгоценных камней: состояние и перспективы". РДМК-99
Параллельное заглавие Second International business conference "Russian precious metals and gemstones market: todey's situation and future developments". RPMG-99, (Москва, 1-5 нояб. 1999 г.)
Сведения, относящиеся к заглавию Документы и материалы
Язык параллельного заглавия английский
210 ## - ПУБЛИКАЦИЯ, РАСПРОСТРАНЕНИЕ И ДР.
Место издания, распространения и т.д. М.
Имя издателя, распространителя и т. д. АСМИ
Дата издания, распространения и т.д. 1999
215 ## - ФИЗИЧЕСКАЯ ХАРАКТЕРИСТИКА
Специфическое обозначение материала и объем 494 с.
Другие сведения о физической характеристике ил.
Размеры 29
300 ## - ОБЩИЕ ПРИМЕЧАНИЯ
Текст примечания Загл. обл.: РДМК-99
300 ## - ОБЩИЕ ПРИМЕЧАНИЯ
Текст примечания Часть текста парал. на рус., англ. яз.
311 ## - ПРИМЕЧАНИЯ, ОТНОСЯЩИЕСЯ К ПОЛЯМ СВЯЗИ (ПРИМЕЧАНИЯ О СВЯЗИ С ДРУГИМИ ПРОИЗВЕДЕНИЯМИ (ИЗДАНИЯМИ))
Текст примечания Прил. к журн. "Драгоц. металлы. Драгоц. камни"
488 #0 - ДРУГИЕ ВЗАИМОСВЯЗАННЫЕ ПРОИЗВЕДЕНИЯ (ДОКУМЕНТЫ)
Встроенное поле 2001#$aДрагоценные металлы. Драгоценные камни
Заглавие Драгоценные металлы. Драгоценные камни
510 1# - ПАРАЛЛЕЛЬНОЕ ЗАГЛАВИЕ
Связь между полями z02791
Параллельное заглавие Second International business conference "Russian precious metals and gemstones market: todey's situation and future developments". RPMG-99, (Москва, 1-5 нояб. 1999 г.)
Язык заглавия английский
512 1# - ЗАГЛАВИЕ ОБЛОЖКИ
Заглавие обложки РДМК-99
606 0# - НАИМЕНОВАНИЕ ТЕМЫ КАК ПРЕДМЕТ
Наименование темы Ювелирная промышленность
Формальный подзаголовок Съезды, совещания и т.п.
Системный номер авторитетной/нормативной записи 2178651
Идентификатор авторитетной/нормативной записи RU\NLR\auth\661310287
606 0# - НАИМЕНОВАНИЕ ТЕМЫ КАК ПРЕДМЕТ
Наименование темы Благородные металлы
Формальный подзаголовок Съезды, совещания и т.п.
Тематический подзаголовок Торговля
Системный номер авторитетной/нормативной записи 2254332
Идентификатор авторитетной/нормативной записи RU\NLR\auth\661352020
686 ## - ИНДЕКСЫ ДРУГИХ КЛАССИФИКАЦИЙ
Индекс У30(2)705.6я431
686 ## - ИНДЕКСЫ ДРУГИХ КЛАССИФИКАЦИЙ
Индекс У42(2)152.38я431
710 12 - НАИМЕНОВАНИЕ ОРГАНИЗАЦИИ - ПЕРВИЧНАЯ ОТВЕТСТВЕННОСТЬ
Начальный элемент ввода "Российский рынок драгоценных металлов и драгоценных камней: состояние и перспективы", международная деловая конференция
Порядковый номер временной организации и / или порядковый номер ее части 2
Дата проведения временной организации 1999
Место проведения временной организации Москва
Идентификатор авторитетной/нормативной записи RU\NLR\AUTH\8810026985
Системный номер авторитетной/нормативной записи 552126
791 12 - НАИМЕНОВАНИЕ ОРГАНИЗАЦИИ - АЛЬТЕРНАТИВНАЯ ФОРМА
Материалы, к которым относится поле eng
Начальный элемент ввода "Russian precious metals and gemstones market: today's situation and future developments", international business conference
Порядковый номер временной организации и / или порядковый номер ее части 2
Дата проведения временной организации 1999
Место проведения временной организации Mocsow
Графика поля Латинская
Идентификатор авторитетной/нормативной записи RU\NLR\auth\8810026986
Системный номер авторитетной/нормативной записи 552128
801 #0 - ИСТОЧНИК ЗАПИСИ
Страна Российская Федерация
Организация NLR
Дата составления 20000804
Правила каталогизации PSBO
801 #1 - ИСТОЧНИК ЗАПИСИ
Страна Российская Федерация
Организация NLR
Дата составления 20000804
852 ## - МЕСТОНАХОЖДЕНИЕ И ШИФР ХРАНЕНИЯ
Идентификатор организации NLR
Шифр хранения (Call Number) 2000-8/975
942 ## - ДОПОЛНИТЕЛЬНЫЕ ЭЛЕМЕНТЫ ЗАПИСИ (АБИС)
Тип экземпляра АБИС Книга
980 ## - КОЛЛЕКЦИЯ
Название коллекции Национальная библиография
Экземпляры
Тип экземпляра Дата поступления Источник поступления Библиотека постоянного хранения Библиотека текущего хранения Место хранения Шифр хранения Штрих-код Статус экземпляра
Книга 04.08.2000 Обязательный экземпляр РНБ (Московский) РНБ (Московский) Русский книжный фонд: издания с 1957 года 2000-8/975 55005  
Книга 04.08.2000 Обязательный экземпляр РНБ (Московский) РНБ (Московский) Русский книжный фонд: издания с 1957 года 2000-8/975 55008